Statistics for Countries of Europe Before World War I (1914) - Map

Click here to take the quiz!

General Stats

  • This quiz has been taken 9,724 times
  • The average score is 24 of 25

Answer Stats

Answer % Correct
German Empire
99%
Italy
99%
Spain
99%
Russian Empire
99%
France
99%
United Kingdom
99%
Portugal
98%
Norway
98%
Greece
98%
Sweden
98%
Netherlands
97%
Belgium
97%
Denmark
97%
Switzerland
96%
Bulgaria
93%
Albania
93%
Romania
93%
Luxembourg
92%
Austria-Hungary
92%
Serbia
92%
Andorra
88%
Monaco
87%
San Marino
86%
Liechtenstein
86%
Montenegro
85%

Score Distribution

Percentile by Number Answered

Percent of People with Each Score

Your Score History

You have not taken this quiz